000 00331nam a2200145 i 4500
001 bg
100 1 _aOSTER, Ludwig
245 0 _aAstronomia współczesna /
_cLudwig Oster.
250 _aWyd.2 popr.
260 _aWarszawa,
_c1982.
040 _cBPK
041 _apol
942 _cKS
008 s pl f |000 0 pol
999 _c20463
_d20463
856 _uhttp://koha.tu.koszalin.pl/cgi-bin/koha/opac-detail.pl?biblionumber=20463
_yKatalog online BPK